Access 2000 : Podrobný průvodce začínajícího uživatele

Salvato in:
Dettagli Bibliografici
Autori principali: Fikáček, Ivo (Autore), Fikáček, Martin (Autore), Rozehnal, Ivo (Autore)
Natura: Libro
Lingua:ceco
Pubblicazione: Praha : Grada Publishing, 1999
Edizione:1.
Soggetti:
Tags: Aggiungi Tag
Nessun Tag, puoi essere il primo ad aggiungerne!!

MARC

LEADER 00000nam a22000003a 4500
001 stu53307
005 20200917113333.6
008 000426s1999----xr------------------cze-d
020 |a 80-7169-879-2 
040 |a STU  |b slo 
041 0 |a cze 
044 |a xr 
080 |a 681.32.06 
080 |a ACCESS 
080 |a 681.32.016 
080 |a 519.683.5 
084 |a C6160  |2 INS  |7 stu_us_auth*stu16331 
084 |a C7100  |2 INS 
100 1 |a Fikáček, Ivo  |4 aut 
245 1 |a Access 2000 :  |b Podrobný průvodce začínajícího uživatele 
250 |a 1. 
260 |a Praha :  |b Grada Publishing,  |c 1999 
300 |a 243 s 
650 7 |a dátabázové systémy  |2 stusub 
650 7 |a programové systémy  |2 stusub 
700 1 |a Fikáček, Martin  |4 aut 
700 1 |a Rozehnal, Ivo  |4 aut 
996 |b 284EK84282  |c E*84282  |l EELSDV  |s P  |a 0  |w stu53307_0001 
996 |b 284M012380  |c M*10488-1  |l MMKN  |s A  |a 24  |w stu53307_0002